000 00564nam a2200193Ia 4500
005 20260114185826.0
008 008 260114s9999 xx 000 0 eng d
020 _a9781474232388
037 _aEBOOK
040 _aCRL
_beng
_cCRL
041 _aeng
_2eng
084 _qCRL
100 _aVanessa Brown
_9874864
245 0 _aCool Shades The History and Meaning of Sunglasses
260 _bBloomsbury
_c2014
856 _uhttps://doi.org/10.5040/9781474232388?locatt=label:secondary_bloomsburyCollections
942 _cEBOOK
999 _c1473798
_d1473798